000 00433nam a2200109Ia 4500
008 171204s9999 xx 000 0 und d
245 _aMulti-level Governance: The Missing Linkages: (Critical Perspectives on International Public Sector Management)
245 _cEdoardo Ongaro
260 _c2015
650 _xASSURANCE PRINCIPLES, PROFESSIONAL ETHICS AND GOOD GOVERNANCE
856 _uhttp://down.ebook777.com/024/MulGovTheMisLin.pdf
999 _c345643
_d345643